000 00598nam a2200205Ia 4500
001 9022
003 GE_BSU
008 181216s||||||||xx |||||||||||||| ||und||
040 _cGE_BSU
080 _a821.353.1–32
100 _aკლდიაშვილი,სერგო
245 _aნოველების წიგნი
245 _cრედ.რ.გვეტაძე
260 _aთბილისი
260 _bსაბჭ.მწერალი
260 _c1946
300 _a201გვ.22სმ.
653 _aნოველების წიგნი
942 _cBK
999 _c42326
_d42326